[Event "EU-chT (Men) 11th"]
[Site "Pula"]
[Date "1997.05.??"]
[Round "8.4"]
[White "Anagnostopoulos, Dimitrios"]
[Black "Santos, Carlos Pereira Dos"]
[Result "1-0"]
[WhiteElo "2495"]
[BlackElo "2340"]
[Annotator "Finkel,A"]
[PlyCount "79"]
[EventDate "1997.05.05"]
[EventType "team-swiss"]
[EventRounds "9"]
[EventCountry "CRO"]
[SourceTitle "CBM 057 Extra"]
[Source "ChessBase"]
[SourceDate "1997.05.01"]
[SourceVersion "1"]
[SourceVersionDate "1997.05.01"]
[SourceQuality "1"]
[WhiteTeam "Greece"]
[BlackTeam "Portugal"]
[WhiteTeamCountry "GRE"]
[BlackTeamCountry "POR"]

1. e4 {Mueller,Ka} d5 2. exd5 Nf6 3. d4 Bg4 $6 {Dubious variation.Black
sacrifices a pawn hoping to get an active piece play,but white's defensive
resources are huge and it's extremly difficult to get full compensation.On the
other hand white has to play very carefully not to give black to develope
initiative.} 4. f3 Bf5 5. Bb5+ Nbd7 6. c4 e6 7. dxe6 (7. g4 $5 Bxb1 (7... Nxg4
$2 8. Bxd7+ Kxd7 9. fxg4 Qh4+ 10. Kf1 Bxg4 11. Nf3 Qh3+ 12. Kf2 $18 {Sobjerg
Erik-Schmied Andreas/It (open), Copenhagen (Denmark) 1995 (40)}) 8. dxe6 $1
fxe6 9. Rxb1 c6 10. Ba4 Bb4+ 11. Bd2 Nxg4 $6 12. Bxb4 Qh4+ 13. Ke2 Qf2+ 14. Kd3
$18 {Rodriguez Uria,J-Ribeiro,F/Candas open 1992 (26)}) 7... Bxe6 8. d5 (8.
Bxd7+ $5 Qxd7 9. b3 b5 $5 10. cxb5 Bb4+ 11. Kf2 Qxb5 12. Ne2 O-O 13. Na3 Qb7
14. Nc2 c5 15. Nxb4 Qxb4 16. Qd2 $16 {Dimitrov Vladimir-Spraggett Kevin/It
open 1996 (20)}) (8. Nc3 Bb4 (8... Qe7 {Mueller,Ka} 9. Nge2 O-O-O 10. O-O c6
11. Bf4 g5 12. Bg3 Nh5 13. Bxc6 bxc6 14. Qa4 Nb8 15. Bxb8 Kxb8 16. Qxc6 Qb7 $15
{Vitor,A-Santos,C/POR-ch 1992/TD 92\10/0-1 (58)}) 9. c5 $6 c6 10. Bd3 Nd5 11.
Nge2 Qh4+ 12. g3 Qh3 13. Kf2 Nxc5 $1 $13 {Ribeiro Fernando-Damaso Rui/Ch
Portugal, Lisbon (Portugal) 1995 (17)}) (8. c5 $6 c6 9. Bd3 b6 10. cxb6 Qxb6
11. Ne2 c5 12. O-O cxd4 13. Nf4 Bd6 14. Nxe6 fxe6 15. Qb3 $14 {Shaked
Tal-Cukier Marcelo/Ch World (juniors) (under 1995 (42)}) 8... Bf5 9. Nc3 (9.
Ne2 $5 Bc5 10. Ng3 Bg6 11. Qe2+ Kf8 $1 12. Be3 Qe7 13. Bxc5 Qxc5 14. Bxd7 Nxd7
$44 {Tindall,B-Cukier,M/XXXV WJuCh, Medellin COL 1996 (34)}) (9. Be3 $6 Bb4+
10. Nc3 (10. Bd2 {Mueller,Ka} Bc5 11. Qe2+ Be7 12. Bb4 a6 13. Bxe7 Qxe7 14.
Qxe7+ Kxe7 15. Bxd7 Kxd7 16. Ne2 Rhe8 17. Kf2 Bd3 18. Nbc3 Bxc4 19. Rhd1 Rad8
$15 {1/2-1/2 Higatian,G-Carvalho,A/EU-chTW Debrecen 1992/EU-chT (32)}) 10...
O-O 11. Bxd7 Nxd7 (11... Bxc3+ $1 12. bxc3 Nxd7 13. Qd4 Re8 14. Kf2 Ne5 15. Rd1
Qf6 $44) 12. Bd4 Re8+ (12... Nc5 $5) 13. Nge2 Nc5 14. O-O Bd3 15. b3 $16 {
Stevanec,L-Carvalho,A/XIII WGirls, Medellin COL 1996/0-1 (66)}) 9... Bb4 (9...
Bc5 10. Qe2+ Qe7 11. Qxe7+ (11. g4 Bd3 12. Qxe7+ Bxe7 13. Bf4 O-O-O 14. O-O-O
Bg6 15. Nh3 $6 (15. Bxd7+ $1 Rxd7 16. h4 h5 17. g5 Nh7 18. Nge2 $16) 15... Nb6
$1 16. Na4 Na8 $13 {1/2-1/2 Renet,O-Galego,L/EUCup Gr1 Eupen 1994 (17)} (16...
Na8 {Mueller,Ka} 17. Nc3 Nb6 18. Na4 {1/2-1/2 Renet,O-Galego,L/EUCup Gr1 Eupen
1994/EXT 94})) 11... Kxe7 12. Bf4 Bd6 13. Bxd6+ cxd6 $16 {1/2-1/2 Rogado,
N-Lima,P/ESP-chT2 1993}) (9... Be7 {Mueller,Ka} 10. g4 Bg6 11. f4 h6 12. f5 Bh7
13. h3 O-O 14. Bf4 Nc5 15. Qf3 a6 16. Ba4 Nxa4 17. Nxa4 Qe8 $13 {1-0 Polgar,
J-Damaso,R/Oviedo rapid45 1992/TD 92\09 (36)}) 10. Nge2 (10. Qe2+ {Mueller,Ka}
Kf8 11. Be3 Nc5 12. O-O-O Qd6 $44 {Rohl,J-Vitor,A/WchJT U26 Parnaiba 1995/JUN
95/0-1 (52)}) 10... O-O (10... Qe7 {Mueller,Ka} 11. O-O O-O-O 12. Nd4 $14 {
1-0 Yasseen,A-Ribeiro,F/Erevan olm 1996/EXT 96ch2 (21)}) 11. Bxd7 $1 $16 {
It's very important to exchange the bishop,which is completly out of the game
on b5.} Nxd7 12. O-O Nc5 (12... Ne5 {Mueller,Ka} 13. Kh1 (13. Ng3 Bd7 14. Kh1
Nxc4 15. Qd4 b5 16. Nce4 f5 17. Nc5 c6 18. b3 Bxc5 19. Qxc5 Qb6 20. Qb4 Ne5 21.
Bb2 Nd3 22. Qd6 Rf7 23. Bxg7 $13 {1-0 Van der Wiel,J-Fernandes,A/Linares zt
1995/CBM 51 (33)}) 13... Qh4 14. Ng3 Bd3 15. Nce4 Qd8 (15... Bxf1 $2 16. Bg5
$18) 16. f4 Bxf1 17. fxe5 Bxc4 18. Nf5 Bxd5 19. Qg4 g6 20. Nf6+ Kh8 21. Qh4 h5
22. Qg5 {1-0 Votava,J-Ribeiro,F/Erevan olm 1996/EXT 96ch2}) 13. Nf4 $5 {
Preventing the penitration to d3.Also deserved attention} (13. a3 $5 Bxc3 14.
Nxc3 Bd3 15. Re1 Bxc4 16. Qd4 Nb3 17. Qxc4 Nxa1 18. Bf4 Nc2 19. Rc1 $16) 13...
Re8 14. Nce2 Qf6 15. Ng3 Nd7 16. Kh1 (16. Nxf5 $5 Bc5+ 17. Kh1 Qxf5 18. Qd3 Qf6
19. Rb1 Bd6 20. Nh3 $16) 16... Bd6 17. Ngh5 Qe5 18. g4 $5 Bg6 19. Ng3 Nc5 20.
Nxg6 hxg6 21. f4 Qe7 22. Kg2 {White has fully consolidated his position and
now starts the technical part of the game.} a5 23. Bd2 Qh4 24. Qf3 f5 {
Despiration,but black's position is lost and he tries to look for the chances
in complications.} 25. gxf5 $18 gxf5 26. Nxf5 Qh7 27. Nxd6 cxd6 28. f5 Re4 29.
b3 Rd4 30. Be3 Rd3 31. Rae1 Re8 32. Qf4 Re4 33. Qg3 Rc3 34. f6 Rc2+ 35. Kh1
Rxh2+ 36. Qxh2 Rh4 37. f7+ Kf8 38. Bf4 Ne4 (38... Rxh2+ {Mueller,Ka} 39. Bxh2
Ne4 40. Rf3 Qh5 41. Kg2 Qg6+ 42. Bg3 Nf6 $16) 39. Re2 Rh3 40. Rf3 $1 (40. Rf3 {
Mueller,Ka und wegen} Rxh2+ 41. Rxh2 Qf5 (41... Qg6 42. Bxd6+ Nxd6 43. Rh8+ Ke7
44. f8=Q+ Kd7 45. Qd8#) 42. Bxd6+ Nxd6 43. Rxf5 Nxf5 $18 {aufgegeben.}) 1-0

[Event "Clarin GP final"]
[Site "Villa Gesell"]
[Date "1997.??.??"]
[Round "11"]
[White "Spangenberg, Hugo"]
[Black "Ricardi, Pablo"]
[Result "1/2-1/2"]
[WhiteElo "2550"]
[BlackElo "2575"]
[Annotator "Finkel,A"]
[PlyCount "46"]
[EventDate "1997.03.02"]
[EventType "tourn"]
[EventRounds "11"]
[EventCountry "ARG"]
[EventCategory "11"]
[SourceTitle "CBM 058"]
[Source "ChessBase"]
[SourceDate "1997.06.01"]
[SourceVersion "1"]
[SourceVersionDate "1997.06.01"]
[SourceQuality "1"]

1. e4 {Mueller,Ka} d5 2. exd5 Qxd5 3. Nc3 Qa5 4. d4 Nf6 5. Nf3 Bg4 6. h3 Bxf3
7. Qxf3 {Mueller: von nun an gibt das Läuferpaar Weiß einen kleinen, aber
dauerhaften Vorteil} c6 8. Bf4 (8. Bd3 e6 9. O-O Nbd7 10. Re1 (10. Bf4 Be7 11.
a3 O-O 12. b4 Qd8 13. Bh2 Nd5 14. Ne4 b5 15. c4 bxc4 16. Bxc4 a5 17. b5 cxb5
18. Bxb5 N7f6 {1/2-1/2 Popovic,P-Gomez Baillo,J/Novi Sad olm JUG-ARG 1990}) (
10. Ne4 Nxe4 (10... Be7 11. c3 O-O 12. Bf4 Nxe4 13. Bxe4 Nf6 14. Bc2 Qh5 15.
Qd3 Nd5 16. Bd2 Qg6 17. Qxg6 hxg6 {1/2-1/2 Kovacevic,A-Kosic,D/Arandjelovac
1993}) 11. Qxe4 Nf6 12. Qe2 Bd6 13. c4 Rd8 14. Bd2 Qc7 15. Bc3 O-O 16. d5 e5
17. c5 Bxc5 18. Bxe5 Qe7 19. Bxf6 Qxf6 20. dxc6 bxc6 21. Bxh7+ Kxh7 22. Qh5+
Kg8 23. Qxc5 Rd2 24. Qxa7 Qxb2 25. a4 Re8 26. Rab1 Qe5 27. Rb7 Qd5 28. Rb8 Rxb8
29. Qxb8+ Kh7 30. Qb1+ g6 31. Qb6 c5 32. a5 c4 33. a6 c3 34. Qb7 c2 35. a7 Qxb7
{0-1 Buchal,S-Stock,M/San Bernardino op 1992}) (10. a3 Bd6 11. Rb1 O-O 12. Bd2
Qc7 13. Ne4 Nxe4 14. Qxe4 Nf6 15. Qh4 Be7 16. Bg5 h6 17. Bxh6 gxh6 18. Qxh6
Rfd8 19. Rfe1 Bd6 20. Qxf6 Kf8 21. Re4 Ke8 22. Rg4 Qe7 23. Rg8+ Kd7 24. Qxe7+
Bxe7 25. Rxd8+ Rxd8 26. c3 Kc7 27. Rd1 c5 28. dxc5 Bxc5 29. Bc2 Rg8 30. Ba4 f6
31. Rd7+ Kb6 32. c4 a5 33. Rh7 Rd8 34. Rd7 Rg8 35. g3 Rxg3+ 36. Kh2 Bxf2 37.
Rd6+ Ka7 38. Rxe6 Rd3 39. Rxf6 Bd4 40. Rf7 Bxb2 41. Bc6 Bxa3 42. Rxb7+ Ka6 {
1/2-1/2 Friedmann,D-Jones,R/WchJM-U10 Duisburg 1992}) 10... Be7 (10... Bb4 11.
Bd2 O-O 12. a3 Bxc3 13. Bxc3 Qd5 14. Qg3 Rfd8 15. Rad1 Nf8 16. Bd2 Nh5 17. Qe3
Qxd4 18. Qf3 g6 19. g4 Qf6 20. Qe3 Ng7 21. Bc3 Qe7 22. g5 Rd5 23. Bf6 Qc5 24.
Qxc5 Rxc5 25. c4 Ra5 26. h4 Nd7 27. Bc3 Ra6 28. Bxg6 hxg6 29. Rxd7 Rb6 30. Red1
Nf5 31. Rd8+ {1-0 Reig,F-Agullo,A/Spanish tch 1994}) 11. Bd2 Qc7 12. Ne2 h6 13.
Ng3 Bd6 14. Nf5 Rg8 15. Bc4 O-O-O 16. Nxd6+ Qxd6 17. Bf4 Qb4 18. Bf1 Nd5 19.
Bg3 Rgf8 20. c4 N5f6 21. d5 exd5 22. cxd5 Nxd5 23. Rac1 N7f6 24. Rxc6+ bxc6 25.
Ba6+ Qb7 26. Qd3 Nb6 27. Qf5+ Nfd7 28. Rc1 Qxa6 29. Rxc6+ Kb7 30. Rc7+ Kb8 31.
Rxd7+ Kc8 32. Rxa7+ {1-0 Siemers,J-Ruhle,E/Bargteheide op 1988}) (8. Bd2 e6 9.
Bc4 Nbd7 10. O-O-O Bb4 11. a3 Bxc3 12. Bxc3 $14 {Zagorovsky,V-Simagin,V/
Moscow-ch 1952/1-0 (52)}) 8... e6 9. O-O-O (9. Bc4 Be7 10. O-O O-O 11. Rfe1
Nbd7 12. Bb3 Rfe8 13. Re2 Nf8 14. Ne4 Rad8 15. Bd2 Qc7 16. c3 Nxe4 17. Qxe4 Nd7
18. Rae1 c5 19. Bf4 Qb6 20. d5 Nf6 21. dxe6 Qxb3 22. axb3 Nxe4 23. exf7+ Kxf7
24. Rxe4 $16 {Zaitsev,I-Kolobov,Y/Moscow 1964 1-0 (34)}) 9... Bb4 10. Bc4 Bxc3
{Typical for scandinavian defense exchange of blacksquared bishop on the
knight.In the same time position which arose in the game is quiet origional:
straight from the opening game went into the ending seems to be preferable for
white.But two knights prooved to be as strong as two white's bishops.} 11. Qxc3
Qxc3 12. bxc3 Nbd7 {White needs to open positon,but here it seems to be pretty
difficult because black has very solid pawn's structure(while white has double
pawns on c-file) and his knights controle all central squares} 13. Rhe1 O-O (
13... b5 $6 14. Bb3 $1 {(From here bishop controles squares a4 and c4)} Nb6 15.
Be5 O-O 16. Bxf6 gxf6 17. Re4 $14) 14. Bf1 Rfd8 (14... b5 15. c4 $5 a6 16. c5
$1 Nd5 17. Bd6 Rfc8 18. Kb2 $14) 15. c4 Nb6 {Now black's plan becomes clear.He
intends to play Rac8 and then to push c5.If he succeedes in doing this white
will have problems defending week c-pawns} 16. g4 ({Nothing gives} 16. c5 Nbd5
17. Bd2 b5 $1) 16... Rac8 17. Re5 {Preventing 17...c5!} Nbd7 18. Ree1 Nb6 19.
Re5 Nbd7 20. Ra5 Ra8 21. Bg2 Nb6 22. c5 Nfd5 $5 (22... Nbd5 $1 23. Bg3 Nc3 24.
Re1 b6 (24... Rxd4 $2 25. Be5 Rc4 26. Bf1) 25. cxb6 axb6 26. Rxa8 Rxa8 27. Kb2
Nfd5 $11) 23. Bg5 f6 (23... f6 $14 {[} 24. cxb6 fxg5 25. bxa7 Rd7 26. c4 Nf4
27. Be4 $14 {]}) 1/2-1/2

[Event "Bundesliga 0506"]
[Site "Germany"]
[Date "2005.10.23"]
[Round "2.7"]
[White "Hertneck, Gerald"]
[Black "Jackelen, Thomas"]
[Result "1/2-1/2"]
[WhiteElo "2539"]
[BlackElo "2454"]
[Annotator "Finkel,A"]
[PlyCount "101"]
[EventDate "2005.10.21"]
[EventType "team-tourn"]
[EventRounds "15"]
[EventCountry "GER"]
[SourceTitle "CBM 110"]
[Source "ChessBase"]
[SourceDate "2006.01.31"]
[SourceVersion "1"]
[SourceVersionDate "2006.01.31"]
[SourceQuality "1"]
[WhiteTeam "Tegernsee"]
[BlackTeam "Godesberg"]
[WhiteTeamCountry "GER"]
[BlackTeamCountry "GER"]

1. e4 d5 2. exd5 Qxd5 3. Nc3 Qa5 4. Bc4 Nf6 5. d4 Bg4 {Quite a risky
continuation. Much safer is 5...c6 followed by 6...Bf5.} 6. f3 Bh5 7. Nge2 Nc6
8. Bd2 {Black's queen doesn't feel very comfortable on a5, but White can't
take advantage of this fact immediately.} O-O-O 9. Nb5 Qb6 10. a4 Nxd4 $5 {
This exchange sacrifice isn't sufficient to equalize, but this alternative
doesn't look much better:} (10... a5 $5 11. Ra3 e6 12. Rb3 Nb4 13. c3 Nbd5 14.
Nf4 Bg6 15. Nd3 $14 {Palac,M-Morales Camacho,J/Lorca 2004 (15)}) 11. Nbxd4 Rxd4
12. Nxd4 Qxd4 13. Qe2 Qxb2 14. O-O e6 15. Kh1 {This move is always useful as a
prophylaxis against Qd4 or Bc5. Another promising continuation is} (15. Be3 Qe5
16. Bxa7 Qxe2 17. Bxe2 b6 18. Ba6+ Kd7 19. Bb7 Bc5+ 20. Kh1 $14 {Maximov,
D-Kislinsky,A/Lvov 2003}) (15. Rab1 Bc5+ 16. Kh1 Qd4 17. Rfd1 $36) 15... Bd6
16. c3 {Preparing to hunt the black queen!} Bg6 17. a5 Qc2 18. g4 $5 {[%csl
Rc2][%cal Gf1c1] Excellent idea, but it would be much better to start with} (
18. a6 $1 {weakening the light squares around Black's king:} b6 19. g4 Ne4 20.
fxe4 Bxe4+ 21. Kg1 Bc5+ 22. Rf2 Bc6 23. Bd3 Qb3 24. Be4 $16 {looks very
convincing.}) 18... Ne4 $8 19. fxe4 Bxe4+ 20. Kg1 Bc5+ 21. Rf2 Bc6 {Black is
not in the hurry to win back some material as it's not so easy for White to
co-ordinate his pieces.} 22. Bd3 ({Of course not} 22. Qd3 $4 Qxd3 23. Bxd3 Rd8
$19 {[%csl Rd2,Rd3]}) 22... Qb3 23. Bc4 (23. Be4 $5) 23... Qc2 24. Be1 Qg6 25.
Bb5 $6 ({White should have brought the rook into play by} 25. Rd1 $1 {[%cal
Gd1d4]} h5 $140 26. Rd4 hxg4 27. Rxf7 $1 $16) 25... Bd5 26. Bd3 f5 27. Rd1 Bc6
28. Kf1 Qh6 29. Qxe6+ $6 ({Missing a very nice idea:} 29. h4 $1 $16 Qxh4 $140
$2 {[%csl Rh4]} 30. Qxe6+ Kb8 31. Qxc6 $1 bxc6 32. Rb2+ $18) 29... Qxe6 30.
Bxf5 Bb5+ 31. Kg2 Bc6+ 32. Kh3 (32. Kg3 $2 Bxf2+ 33. Bxf2 Qxf5 34. gxf5 Rf8 $17
) 32... Re8 $132 {Now Black is out of danger.} (32... Bd7) 33. Re2 (33. Bxe6+
Rxe6 34. Rf5 b6 $13) 33... Qxf5 34. Rxe8+ Bxe8 35. gxf5 Bd7 36. Kg4 g6 37. Kg5
Bxf5 38. Kh6 b6 39. axb6 $2 {A serious mistake which nearly costs White the
game.} (39. a6 $142 $1 $14) 39... cxb6 $1 $15 {[%cal Ga7a2] Now the passer on
the a-file is extremely dangerous.} 40. Kxh7 a5 41. Rd2 Kc7 42. Bf2 Kc6 43. Kg7
b5 44. h4 (44. Kf6 a4 45. Ke5 Bf8 $17) 44... a4 45. Kf6 Bb1 46. Bxc5 Kxc5 47.
Rd1 Bc2 48. Rd2 Bf5 $2 ({Missing an easy win after} 48... Bb3 $1 49. Kxg6 (49.
Rg2 a3 50. Rxg6 Kc4 $19) 49... a3 50. Re2 a2 51. Re1 Bc2+ $19 {[%cal Gc2b1]})
49. h5 $11 gxh5 50. Kxf5 Kc4 51. Rb2 1/2-1/2

[Event "FIDE World Cup"]
[Site "Khanty-Mansiysk"]
[Date "2005.11.28"]
[Round "1.2"]
[White "Naiditsch, Arkadij"]
[Black "Kotsur, Pavel"]
[Result "1-0"]
[WhiteElo "2641"]
[BlackElo "2587"]
[Annotator "Finkel,A"]
[PlyCount "95"]
[EventDate "2005.11.27"]
[EventType "k.o."]
[EventRounds "7"]
[EventCountry "RUS"]
[SourceTitle "CBM 111"]
[Source "ChessBase"]
[SourceDate "2006.04.04"]
[SourceVersion "1"]
[SourceVersionDate "2006.04.04"]
[SourceQuality "1"]

1. e4 d5 2. exd5 Qxd5 3. Nc3 Qd6 4. d4 Nf6 5. Be2 a6 6. Bf3 Nc6 7. Nge2 e6 $6 {
After the move in the game Black is left with the ''bad'' light-squared bishop.
} (7... Bg4 8. Bxg4 Nxg4 9. d5 Nce5 10. Bf4 Qb6 11. O-O g5 12. Bg3 Bg7 $13 {
1/2-1/2 Baramidze,D-Karpatchev,A/Kiel 2001}) (7... Bf5 8. O-O O-O-O 9. Bf4 $6
e5 10. dxe5 Nxe5 11. Ng3 Qb4 12. Qc1 Nxf3+ 13. gxf3 Bh3 $17 {Kupreichik,
V-Grafl,F/Germany 2004}) 8. O-O Ne7 (8... Be7 9. Bf4 Qd7 10. d5 (10. Re1 O-O
11. d5 exd5 12. Nxd5 Nxd5 13. Qxd5 Qxd5 14. Bxd5 Nb4 15. Bb3 c5) 10... exd5 11.
Nxd5 Nxd5 12. Qxd5 Qxd5 13. Bxd5 Nb4 14. Bb3) 9. Ng3 Ng6 10. Bg5 Be7 11. Qd2
O-O 12. Rad1 Qd8 (12... Qb6) 13. h4 $1 {White has just accomplished the
development of the pieces so it's just about time to disturb Black on the
kingside.} h6 $6 {A dubious reaction.} (13... Nd5 $142 14. Nxd5 exd5 15. Bxe7
Nxe7 16. h5 h6 17. Qf4 $14) 14. h5 hxg5 15. hxg6 Nd5 (15... g4 16. gxf7+ Rxf7
17. Be2 b5 18. Qe3 $14) 16. Rfe1 Nf4 17. gxf7+ Rxf7 18. Bg4 $16 {[%csl Re6,Rg5]
Black has too many weaknesses so White easily increases his advantage move by
move.} b6 19. Nh5 (19. Nge2 $5 Bd6 (19... Nxe2+ 20. Qxe2 Bd6 21. Rd3 $16 {
[%csl Re6][%cal Gd3h3,Ge2d3,Gd3h7]}) 20. Nxf4 (20. Ne4) 20... gxf4 21. Qe2 Rf6
22. Rd3 $16) 19... Nxh5 20. Bxh5 Rf6 21. d5 Rh6 22. Bf3 $6 {Losing a major
part of the advantage.} ({More convincing looks} 22. Bg4 $1 Qd6 23. g3 e5 24.
Qe2 $16) 22... Qd6 23. g3 Bb7 24. Qe2 Rf8 25. Bg4 (25. Bg2) 25... exd5 $1 26.
Be6+ (26. Qxe7 $2 d4 27. Be6+ Kh7 28. Bd5 Bxd5 29. Nxd5 Qxd5 30. Qe4+ Qxe4 31.
Rxe4 c5 $15) 26... Kh8 27. Bxd5 Bxd5 28. Nxd5 Bd8 29. Kg2 (29. Qxa6 $6 Qg6 $132
{[%cal Gg6h5,Gg6h7]} 30. Qe2 $140 c6 31. Ne3 Qh7 $15 {[%cal Gh6h1]}) 29... c6
30. Nc3 Qg6 (30... Qb4 $132) 31. Rh1 Re8 $2 {Giving up a pawn for no good
reason.} (31... g4 {[%cal Gb6b5,Gh8g8,Gd8b6]}) 32. Qxa6 Qxc2 33. Rxh6+ gxh6 34.
Rd6 $16 Rf8 35. Qe2 Qxe2 36. Nxe2 Bf6 (36... c5 37. Rxh6+ Kg7 38. Rd6 $16) 37.
Rxc6 b5 38. g4 b4 (38... Bxb2 39. Rxh6+ Kg7 40. Rb6 Ra8 41. Rxb5 Bf6 42. Nc1
$16) 39. b3 Bg7 40. Ng3 Rf4 $2 41. Rc4 $18 Rxc4 42. bxc4 Kg8 43. Kf3 Kf7 44.
Ke4 Ke6 45. Nf5 Bf8 46. f3 Kf6 47. Nd4 Ke7 48. Kd5 1-0

[Event "ISR-ch"]
[Site "Tel Aviv"]
[Date "2002.12.03"]
[Round "9"]
[White "Smirin, Ilia"]
[Black "Kaganskiy, Gleb"]
[Result "1-0"]
[WhiteElo "2683"]
[BlackElo "2315"]
[Annotator "Finkel,A"]
[PlyCount "45"]
[EventDate "2002.11.24"]
[EventType "swiss"]
[EventRounds "9"]
[EventCountry "ISR"]
[SourceTitle "CBM 093"]
[Source "ChessBase"]
[SourceDate "2003.04.01"]
[SourceVersion "1"]
[SourceVersionDate "2003.04.01"]
[SourceQuality "1"]

1. e4 d5 2. exd5 Qxd5 3. Nc3 Qd8 4. d4 c6 5. Bc4 Bf5 $6 {Usually black prefers
5...Qa5 or 5...Nf6. This game reveals a main drawback of an early development
of the bishop.} (5... e6 6. Nf3 Nf6 7. O-O Be7 8. Bf4 O-O 9. Re1 Nbd7 10. a3
Nb6 11. Bb3 $14 {Al Modaihki,A-Saleh,F/Dubai 1998}) 6. g4 $5 (6. Nf3 e6 7. O-O
Nf6 (7... Nd7 8. Re1 Ngf6 9. Bb3 Be7 10. h3 O-O 11. Nh4 Bg6 12. Nxg6 hxg6 13.
Qf3 $14 {Shestoperov,A-Kozlov,V/Tula 1995}) 8. Ne5 Nbd7 9. Bb3 Be7 10. Qe2 O-O
11. Bg5 Nd5 $11 {Szabo,K-Larino Nieto,D/Litohoto 1999}) 6... Bg6 {I can
understand black who didn't want to come back to c8, but it seems to be safer
option.} (6... Bc8 $5 7. Nf3 Nf6 8. Ne5 e6 9. Be3 Nbd7 $13) 7. f4 e6 8. Nf3 Bb4
9. O-O Ne7 $6 (9... Nf6 10. Ne5 Nbd7 11. Be3 Nb6 12. Bb3 Bxc3 13. bxc3 $36) 10.
Ne2 $1 $36 {[%cal Ge2g3,Gc2c4,Gf3e5]} h5 $2 {After this move nothing can save
black.} 11. f5 $1 {Opening a center and winning a few tempi for development.}
exf5 (11... hxg4 12. fxg6 gxf3 13. gxf7+ $18) 12. gxf5 Bxf5 (12... Nxf5 13. Nf4
Nd7 14. c3 Be7 15. Nxg6 fxg6 16. Qb3 $16 {[%csl Rb7,Rf7]}) 13. Ne5 O-O 14. Bg5
$18 {[%csl Rf5,Rf7][%cal Gg5d8] Black can't protect numerous weaknesses on the
kingside.} Qc8 (14... Be6 15. Bxe6 fxe6 16. Nf4 {[%csl Re6]} Rf5 17. Nxe6 Qd6
18. Bxe7 Rxf1+ 19. Qxf1 Qxe7 20. Qc4 $18 {[%csl Rg8][%cal Ga1f1]}) 15. c3 Bd6
16. Bxe7 Bxe7 17. Nf4 {[%cal Gf4g6] Threatening to come to g6.} b5 18. Nfg6 $1
Bg5 19. Qxh5 Be3+ (19... Bh6 20. Ne7+ $18) 20. Rf2 Bxg6 21. Nxg6 Bxf2+ 22. Kh1
$1 bxc4 23. Ne7# 1-0